Biblioteca ESET

El túnel de los pájaros muertos. (Registro nro. 272)

Detalles MARC
000 -CABECERA
fixed length control field 00704nam a22002417a 4500
001 - NUMERO DE CONTROL
control field 9789870416081
003 - CONTROL NUMBER IDENTIFIER
control field AR-BeUNQ
005 - FECHA Y HORA DE LA ULTIMA TRANSACCION
control field 20250604173613.0
008 - ELEMENTOS DE LONGITUD FIJA-INFORMACION GENERAL
fixed length control field 250604b |||||||| |||| 00| 0 spa d
040 ## - FUENTE DE CATALOGACION
Agencia de catalogación original AR-BeUNQ
Agencia que realiza la transcripción AR-BeUNQ
Convenciones de la descripción aacr
082 ## - NUMERO DE CLASIFICACION DECIMAL DEWEYMBER
Número de la edición 21
Número de clasificación A863 BIR
100 10 - ASIENTO PRINCIPAL-NOMBRE PERSONAL
Nombre personal Birmajer, Marcelo
Títulos u otras palabras asociadas al nombre aut.
Fecha asociada al nombre 1966
245 ## - MENCION DE TITULO
Título El túnel de los pájaros muertos.
Mención de responsabilidad, etc Marcelo Birmajer.
Medio físico libro
250 08 - MENCION DE EDICION
Mención de edición 1a.ed
260 ## - PUBLICACION, DISTRIBUCION, ETC.
Lugar de publicación, distribución, etc. Buenos Aires :
Nombre del editor, distribuidor, etc. Alfaguara,
Fecha de publicación, distribución, etc 2010
300 ## - DESCRIPCION FISICA
Extensión 112 p. ;
Dimensiones 14x23 cm
490 10 - MENCION DE SERIE
Mención de serie ROJA
500 ## - NOTA GENERAL
Nota general NOVELA.
650 ## - ASIENTO SECUNDARIO DE MATERIA - TERMINO TEMATICO
Fuente del encabezamiento o términ tell
Término temático o nombre geográfico como elemento de entrada Literatura juvenil
651 ## - ASIENTO SECUNDARIO DE MATERIA - NOMBRE GEOGRAFICO
Fuente del encabezamiento o término unescot
Nombre geográfico Argentina
929 ## - DATOS DE ADQUISICION
Procedencia DONACION
Proveedor Biblioteca Pedro Goyena
Orden de compra 0
Precio 0
Fecha de recibido 2018
Patrimonio UNQ PAT0083698
Número de inventario 59548
942 08 - ELEMENTOS DE PUNTO DE ACCESO ADICIONAL (KOHA)
Tipo de ítem Koha Libros
Existencias
Estado de retiro Estado de pérdida Ubicación permanente Ubicación actual Ubicación en estantería Fecha de ingreso Signatura topográfica completa Inventario Date last seen Tipo de ítem Koha Operador
    Biblioteca ESET - UNQ Biblioteca ESET - UNQ CIRCULACION 04/07/2022 A 863 / BIR 59548 04/07/2022 Libros Gladys Alarcon

ESET UNQ

☏ 4365-7188
 Avenida República de Francia 1714 entre Doctor Kenny y Concordia, Ezpeleta, Bs As.
✉ secretaria_eset@unq.edu.ar

Con tecnología Koha